सुक्ष्म समाजशास्त्र : (Record no. 123444)
[ view plain ]
| 000 -LEADER | |
|---|---|
| fixed length control field | 00943nam a22002057a 4500 |
| 005 - DATE AND TIME OF LATEST TRANSACTION | |
| control field | 20250625155545.0 |
| 008 - FIXED-LENGTH DATA ELEMENTS--GENERAL INFORMATION | |
| fixed length control field | 250625b |||||||| |||| 00| 0 eng d |
| 020 ## - INTERNATIONAL STANDARD BOOK NUMBER | |
| International Standard Book Number | 9789937793850 |
| 082 ## - DEWEY DECIMAL CLASSIFICATION NUMBER | |
| Edition number | 23rd. |
| Classification number | N301 |
| Item number | Su911s |
| 100 1# - MAIN ENTRY--PERSONAL NAME | |
| Personal name | सुवेदी, आनन्दप्रसाद |
| 241 ## - ROMANIZED TITLE (BK AM CF MP MU VM) | |
| Romanized title | Sukshma samajshastra : sansthaharu, siddhantaharu ra aadhunikta / Anand Prasad Subedi. |
| 245 ## - TITLE STATEMENT | |
| Title | सुक्ष्म समाजशास्त्र : |
| Remainder of title | संस्थाहरू, सिद्धान्तहरू र आधुनिकता / |
| Statement of responsibility, etc. | आनन्दप्रसाद सुवेदी. |
| 260 ## - PUBLICATION, DISTRIBUTION, ETC. | |
| Place of publication, distribution, etc. | काठमाडाैं : |
| Name of publisher, distributor, etc. | भुँडीपुराण प्रकाशन, |
| Date of publication, distribution, etc. | २०८१वि. |
| 300 ## - PHYSICAL DESCRIPTION | |
| Extent | 206p. : ill. |
| 504 ## - BIBLIOGRAPHY, ETC. NOTE | |
| Bibliography, etc. note | Includes references. |
| 650 ## - SUBJECT ADDED ENTRY--TOPICAL TERM | |
| Topical term or geographic name entry element | समाजशास्त्र |
| 9 (RLIN) | 37410 |
| 650 ## - SUBJECT ADDED ENTRY--TOPICAL TERM | |
| Topical term or geographic name entry element | विवाह |
| 650 ## - SUBJECT ADDED ENTRY--TOPICAL TERM | |
| Topical term or geographic name entry element | परिवार |
| 942 ## - ADDED ENTRY ELEMENTS (KOHA) | |
| Source of classification or shelving scheme | Dewey Decimal Classification |
| Koha item type | ISBN |
| Withdrawn status | Lost status | Source of classification or shelving scheme | Damaged status | Not for loan | Home library | Current library | Date acquired | Total Checkouts | Full call number | Barcode | Date last seen | Price effective from | Koha item type |
|---|---|---|---|---|---|---|---|---|---|---|---|---|---|
| Dewey Decimal Classification | Tribhuvan University Central Library | Tribhuvan University Central Library | 06/25/2025 | N301 Su911s | IS35781 | 06/25/2025 | 06/25/2025 | ISBN | |||||
| Dewey Decimal Classification | Tribhuvan University Central Library | Tribhuvan University Central Library | 06/25/2025 | N301 Su911s | IS35782 | 06/25/2025 | 06/25/2025 | ISBN |
